[Event "Lovsprings op 09th E"]
[Site "Ringsted"]
[Date "1997.04.04"]
[Round "3"]
[White "Nielsen, Poul"]
[Black "Handreck, Helle"]
[Result "1-0"]
[WhiteElo "1202"]
[BlackElo "1107"]
[PlyCount "46"]
[EventDate "1997.03.14"]
[EventType "swiss"]
[EventRounds "7"]
[EventCountry "DEN"]
[SourceTitle "EXT 2023"]
[Source "ChessBase"]
[SourceDate "2022.10.05"]
[SourceVersion "1"]
[SourceVersionDate "2022.10.05"]
[SourceQuality "1"]

1. d4 d5 2. Bf4 Bg4 3. h3 Bh5 4. g4 Bg6 5. Nf3 Be4 6. Bg2 e6 7. a3 h6 8. Nc3 Bh7 9. Nb5 c6 10. Nc7+ Kd7 11. Nxa8 Na6 12. Ne5+ Ke8 13. e3 Qxa8 14. c4 Qd8 15. Qb3 Qc8 16. 0-0 Be7 17. cxd5 exd5 18. Rac1 Nb8 19. Bxd5 Qd8 20. Bxf7+ Kf8 21. Ng6+ Bxg6 22. Bxg6 Qd5 23. Qxd5 cxd5 1-0